[Event "De los Reyes op 21st"]
[Site "De los Reyes"]
[Date "2019.12.08"]
[Round "9"]
[White "Villaverde Casalengua, Jose Luis"]
[Black "Alfaya Martinez, Enrique"]
[Result "1-0"]
[WhiteElo "1675"]
[BlackElo "1560"]
[PlyCount "59"]
[EventDate "2019.11.30"]
[EventType "swiss"]
[EventRounds "9"]
[EventCountry "ESP"]
[SourceTitle "CBM 193 Extra"]
[Source "ChessBase"]
[SourceDate "2020.01.31"]
[SourceVersion "1"]
[SourceVersionDate "2020.01.31"]
[SourceQuality "1"]

1. e4 c5 2. Nc3 d6 3. g3 Nf6 4. Bg2 Nc6 5. d3 Nd4 6. h3 a6 7. Nge2 e5 8. f4 Be7 9. g4 Nxe2 10. Qxe2 Nd7 11. 0-0 0-0 12. Be3 exf4 13. Bxf4 Nb6 14. e5 dxe5 15. Bxe5 Bd6 16. Bxd6 Qxd6 17. Qf2 Qc7 18. Rae1 Be6 19. b3 Rad8 20. Ne4 Bd5 21. Nxc5 Bxg2 22. Kxg2 Nd5 23. Ne4 Nb4 24. a3 Nxc2 25. Rc1 Rc8 26. a4 Rfd8 27. Kg1 Rxd3 28. Rxc2 Qxc2 29. Qxf7+ Kh8 30. Qf8+ 1-0

[Event "De los Reyes op 21st"]
[Site "De los Reyes"]
[Date "2019.12.05"]
[Round "6"]
[White "Alfaya Martinez, Enrique"]
[Black "Diaz del Prado, Carlos"]
[Result "1-0"]
[WhiteElo "1560"]
[BlackElo "1286"]
[PlyCount "57"]
[EventDate "2019.11.30"]
[EventType "swiss"]
[EventRounds "9"]
[EventCountry "ESP"]
[SourceTitle "CBM 193 Extra"]
[Source "ChessBase"]
[SourceDate "2020.01.31"]
[SourceVersion "1"]
[SourceVersionDate "2020.01.31"]
[SourceQuality "1"]

1. d4 d6 2. Bf4 g6 3. e3 Bg7 4. Nf3 Nd7 5. Be2 e5 6. Bg5 Ne7 7. c4 0-0 8. Nc3 f5 9. Nd5 Bf6 10. Nxf6+ Nxf6 11. dxe5 Ne4 12. exd6 Nxg5 13. dxe7 Qxe7 14. Nxg5 Qxg5 15. 0-0 Be6 16. Qb3 Rab8 17. Qa4 a6 18. Rfd1 f4 19. exf4 Qxf4 20. Bf3 Qxc4 21. Qxc4 Bxc4 22. Rdc1 b5 23. b3 Bd3 24. Rxc7 Rfe8 25. g3 Be4 26. Bxe4 Rxe4 27. Rd1 Rf8 28. Rdd7 Re1+ 29. Kg2 1-0

[Event "De los Reyes op 21st"]
[Site "De los Reyes"]
[Date "2019.12.03"]
[Round "4"]
[White "Alonso Garuti, Luis Eugenio"]
[Black "Alfaya Martinez, Enrique"]
[Result "1/2-1/2"]
[WhiteElo "1796"]
[BlackElo "1560"]
[PlyCount "36"]
[EventDate "2019.11.30"]
[EventType "swiss"]
[EventRounds "9"]
[EventCountry "ESP"]
[SourceTitle "CBM 193 Extra"]
[Source "ChessBase"]
[SourceDate "2020.01.31"]
[SourceVersion "1"]
[SourceVersionDate "2020.01.31"]
[SourceQuality "1"]

1. e4 c5 2. Nf3 e6 3. d4 cxd4 4. Nxd4 Nf6 5. Nc3 d6 6. Be2 a6 7. Be3 Be7 8. 0-0 0-0 9. f4 Nc6 10. Qe1 Nxd4 11. Bxd4 b5 12. Rd1 Qc7 13. a3 Bb7 14. Bf3 Rac8 15. Qf2 Qc4 16. Be2 Qc6 17. Bf3 Qc4 18. Be2 Qc6 1/2-1/2

[Event "De los Reyes op 21st"]
[Site "De los Reyes"]
[Date "2019.12.02"]
[Round "3"]
[White "Alfaya Martinez, Enrique"]
[Black "Martinez Paul Exposito, Ignacio Jesus"]
[Result "1-0"]
[WhiteElo "1560"]
[BlackElo "1148"]
[PlyCount "81"]
[EventDate "2019.11.30"]
[EventType "swiss"]
[EventRounds "9"]
[EventCountry "ESP"]
[SourceTitle "CBM 193 Extra"]
[Source "ChessBase"]
[SourceDate "2020.01.31"]
[SourceVersion "1"]
[SourceVersionDate "2020.01.31"]
[SourceQuality "1"]

1. d4 d5 2. Nf3 e6 3. Bf4 Nf6 4. e3 Be7 5. Bd3 Nbd7 6. Nbd2 b6 7. h3 0-0 8. 0-0 Re8 9. Ne5 Nh5 10. Qxh5 g6 11. Nxg6 hxg6 12. Bxg6 fxg6 13. Qxg6+ Kh8 14. Qh6+ Kg8 15. Qxe6+ Kh8 16. Qh6+ Kg8 17. Qg6+ Kh8 18. Qh5+ Kg8 19. Qxd5+ Kg7 20. Qxa8 Ba6 21. Qxd8 Bxd8 22. c4 c5 23. d5 Bf6 24. Rab1 Ne5 25. Bxe5 Rxe5 26. b3 Kf8 27. Nf3 Re8 28. Rfd1 Ke7 29. Nh2 Bc8 30. g4 Kd6 31. Re1 Re4 32. f3 Re8 33. f4 Re4 34. Kf2 Bh4+ 35. Kf3 Re8 36. Re2 a6 37. e4 Bd7 38. e5+ Ke7 39. e6 Bc8 40. g5 Rf8 41. Kg4 1-0

[Event "San Sebastian de los Reyes op U1600 2nd"]
[Site "San Sebastian de los Reyes"]
[Date "2019.10.26"]
[Round "5"]
[White "Alfaya Martinez, Enrique"]
[Black "Cruz Lopez, Jose"]
[Result "1-0"]
[WhiteElo "1586"]
[BlackElo "1340"]
[PlyCount "71"]
[EventDate "2019.10.12"]
[EventType "swiss"]
[EventRounds "6"]
[EventCountry "ESP"]
[SourceTitle "EXT 2024"]
[Source "ChessBase"]
[SourceDate "2023.10.10"]
[SourceVersion "1"]
[SourceVersionDate "2023.10.10"]
[SourceQuality "1"]

1. d4 d6 2. Bf4 h6 3. Nf3 Nf6 4. e3 a6 5. Nbd2 Nc6 6. c3 Nd5 7. Bg3 e6 8. Bd3 Bd7 9. 0-0 h5 10. e4 Nb6 11. e5 h4 12. Bf4 g5 13. Bxg5 Be7 14. Bxe7 Qxe7 15. h3 0-0-0 16. exd6 cxd6 17. Ne4 Rdg8 18. Kh1 f5 19. Ned2 Qg7 20. Rg1 Nd5 21. Nf1 Nf4 22. Ne3 e5 23. dxe5 Nxe5 24. Nxe5 dxe5 25. Qb3 Bc6 26. Bxf5+ Kb8 27. Bg4 Rd8 28. Rad1 Qf6 29. Rxd8+ Rxd8 30. Rd1 Nd3 31. Rf1 Nxf2+ 32. Kg1 Rd2 33. Qe6 Qf4 34. Qf5 Qxe3 35. Rxf2 Rd1+ 36. Bxd1 1-0

[Event "San Sebastian de los Reyes op U1600 2nd"]
[Site "San Sebastian de los Reyes"]
[Date "2019.10.12"]
[Round "1"]
[White "Valle Fernandez De Castro, Luis"]
[Black "Alfaya Martinez, Enrique"]
[Result "1-0"]
[WhiteElo "1154"]
[BlackElo "1586"]
[PlyCount "50"]
[EventDate "2019.10.12"]
[EventType "swiss"]
[EventRounds "6"]
[EventCountry "ESP"]
[SourceTitle "EXT 2024"]
[Source "ChessBase"]
[SourceDate "2023.10.10"]
[SourceVersion "1"]
[SourceVersionDate "2023.10.10"]
[SourceQuality "1"]

1. e4 c5 2. Nf3 d6 3. d4 cxd4 4. Nxd4 Nf6 5. Nc3 a6 6. f4 e6 7. Be3 Be7 8. Nb3 0-0 9. Qf3 Qc7 10. 0-0-0 b5 11. e5 Bb7 12. Qg3 dxe5 13. fxe5 Nh5 14. Qg4 Qxe5 15. Bd4 Qf4+ 16. Qxf4 Nxf4 17. Bd3 Nxd3+ 18. Rxd3 Bxg2 19. Rg1 Nc6 20. Be3 Bd5 21. Bh6 Bf6 22. Nxd5 exd5 23. Rf3 Kh8 24. Rxf6 gxf6 25. Bg7+ Kg8 1-0

[Event "San Sebastian de los Reyes op U2200 2nd"]
[Site "San Sebastian de los Reyes"]
[Date "2019.05.26"]
[Round "6"]
[White "Alfaya Martinez, Enrique"]
[Black "Sansa Olivan, Javier"]
[Result "1-0"]
[WhiteElo "1635"]
[BlackElo "1453"]
[PlyCount "85"]
[EventDate "2019.05.11"]
[EventType "swiss"]
[EventRounds "6"]
[EventCountry "ESP"]
[SourceTitle "EXT 2024"]
[Source "ChessBase"]
[SourceDate "2023.10.10"]
[SourceVersion "1"]
[SourceVersionDate "2023.10.10"]
[SourceQuality "1"]

1. d4 d5 2. Bf4 Bf5 3. e3 Nf6 4. Nf3 Nbd7 5. Nbd2 e6 6. h3 c5 7. c3 c4 8. b3 b5 9. a4 a6 10. Nh4 Be4 11. Nhf3 Be7 12. Be2 0-0 13. 0-0 b4 14. cxb4 Bxb4 15. bxc4 Bc3 16. Ra3 Qa5 17. Bd6 Rfd8 18. Nb3 Qb6 19. c5 Qb4 20. Qc1 Bf5 21. Bc7 a5 22. Bxd8 Rxd8 23. Bb5 Ne4 24. Nh4 Bg6 25. Nxg6 hxg6 26. Rd1 Ndf6 27. Rd3 e5 28. f3 exd4 29. fxe4 dxe4 30. Rxd4 Bxd4 31. Nxd4 Rxd4 32. exd4 Qxd4+ 33. Kh1 Nd5 34. c6 Nc7 35. Qf4 Qb4 36. Re3 Qb1+ 37. Kh2 Nxb5 38. Qb8+ Kh7 39. Qxb5 Qa1 40. Rxe4 Qf6 41. Qe5 Qxc6 42. Rh4+ Kg8 43. Qb8+ 1-0

[Event "San Sebastian de los Reyes op U2200 2nd"]
[Site "San Sebastian de los Reyes"]
[Date "2019.05.25"]
[Round "5"]
[White "Olias Rincon, Raul"]
[Black "Alfaya Martinez, Enrique"]
[Result "0-1"]
[WhiteElo "1382"]
[BlackElo "1635"]
[PlyCount "114"]
[EventDate "2019.05.11"]
[EventType "swiss"]
[EventRounds "6"]
[EventCountry "ESP"]
[SourceTitle "EXT 2024"]
[Source "ChessBase"]
[SourceDate "2023.10.10"]
[SourceVersion "1"]
[SourceVersionDate "2023.10.10"]
[SourceQuality "1"]

1. d4 Nf6 2. c4 g6 3. Nc3 Bg7 4. e4 d6 5. Nf3 0-0 6. Be2 Nbd7 7. 0-0 e5 8. d5 a5 9. Nb5 Nc5 10. Bd3 Nfxe4 11. Qc2 Nxd3 12. Qxd3 Nc5 13. Qe2 f5 14. Be3 b6 15. Bxc5 bxc5 16. Nd2 Rf7 17. Rab1 a4 18. b3 axb3 19. Nxb3 Bd7 20. Nc1 Bxb5 21. Rxb5 Ra4 22. Qb2 Rf8 23. Qb3 Qa8 24. f3 Ra3 25. Qb2 Qa4 26. Rb3 Rxb3 27. Qxb3 Ra8 28. Qxa4 Rxa4 29. Rf2 Rxc4 30. Nb3 Kf7 31. g3 Ra4 32. Nc1 e4 33. Kg2 e3 34. Re2 Bd4 35. Nb3 Kf6 36. f4 g5 37. Kf3 g4+ 38. Kg2 Ke7 39. Kf1 Kd7 40. Ke1 c6 41. dxc6+ Kxc6 42. Rc2 Kd5 43. Ke2 c4 44. Nc1 Ke4 45. Ke1 Kf3 46. Ne2 Ba7 47. Ng1+ Ke4 48. Ke2 d5 49. Ke1 d4 50. Ne2 d3 51. Nc3+ Kd4 52. Ne2+ dxe2 53. Kxe2 Ra3 54. Rb2 Kc3 55. Rb1 Rxa2+ 56. Ke1 Rxh2 57. Ra1 Rh1+ 0-1

[Event "San Sebastian de los Reyes op 20th"]
[Site "San Sebastian"]
[Date "2018.12.07"]
[Round "7"]
[White "Alfaya Martinez, Enrique"]
[Black "Rodriguez Bernal, Herman"]
[Result "1/2-1/2"]
[WhiteElo "1594"]
[BlackElo "1745"]
[PlyCount "38"]
[EventDate "2018.12.01"]
[EventType "swiss"]
[EventRounds "9"]
[EventCountry "ESP"]
[SourceTitle "CBM 187 Extra"]
[Source "ChessBase"]
[SourceDate "2018.11.04"]
[SourceVersion "1"]
[SourceVersionDate "2018.11.04"]
[SourceQuality "1"]

1. d4 Nf6 2. Bf4 d6 3. e3 g6 4. Nf3 Bg7 5. h3 c5 6. c3 0-0 7. Be2 Bf5 8. 0-0 Qb6 9. Nh4 Qxb2 10. Nxf5 Qxa1 11. Nxe7+ Kh8 12. Qc2 Ne4 13. f3 cxd4 14. exd4 Bxd4+ 15. cxd4 Qxd4+ 16. Kh2 Nf6 17. Bg3 Nbd7 18. Rd1 Qe3 19. Rxd6 Qxe7 1/2-1/2

[Event "San Sebastian de los Reyes op 20th"]
[Site "San Sebastian"]
[Date "2018.12.06"]
[Round "6"]
[White "Medina Balenciaga, Patricio"]
[Black "Alfaya Martinez, Enrique"]
[Result "0-1"]
[WhiteElo "1408"]
[BlackElo "1594"]
[PlyCount "64"]
[EventDate "2018.12.01"]
[EventType "swiss"]
[EventRounds "9"]
[EventCountry "ESP"]
[SourceTitle "CBM 187 Extra"]
[Source "ChessBase"]
[SourceDate "2018.11.04"]
[SourceVersion "1"]
[SourceVersionDate "2018.11.04"]
[SourceQuality "1"]

1. e4 c5 2. Nf3 Nc6 3. c3 d5 4. exd5 Qxd5 5. c4 Qh5 6. Be2 Bg4 7. h3 Nf6 8. 0-0 Bd7 9. d4 cxd4 10. Nxd4 Qe5 11. Nf3 Qc7 12. Nc3 e6 13. Nb5 Qb8 14. g3 a6 15. Nc3 Bc5 16. Bg5 Qxg3+ 17. Kh1 Qxh3+ 18. Nh2 Ne5 19. Bf4 Bc6+ 20. f3 Neg4 21. Qe1 Nh5 22. Rg1 Nxf4 23. Rxg4 Nxe2 24. Qxe2 Bd6 25. Ne4 Bxh2 26. Ng5 Qxg4 27. Kxh2 Qxg5 28. Rg1 Qf4+ 29. Rg3 Rd8 30. Qf1 Rd2+ 31. Kh3 Qh6+ 32. Kg4 f5# 0-1

[Event "San Sebastian de los Reyes op 20th"]
[Site "San Sebastian"]
[Date "2018.12.04"]
[Round "4"]
[White "Alfaya Martinez, Enrique"]
[Black "Bravo De la Vega, Alvaro"]
[Result "1-0"]
[WhiteElo "1594"]
[BlackElo "1407"]
[PlyCount "108"]
[EventDate "2018.12.01"]
[EventType "swiss"]
[EventRounds "9"]
[EventCountry "ESP"]
[SourceTitle "CBM 187 Extra"]
[Source "ChessBase"]
[SourceDate "2018.11.04"]
[SourceVersion "1"]
[SourceVersionDate "2018.11.04"]
[SourceQuality "1"]

1. d4 d5 2. Bf4 Nf6 3. e3 e6 4. Nf3 Be7 5. Nbd2 Nbd7 6. Bd3 0-0 7. Ne5 b6 8. g4 Nxe5 9. dxe5 Nd7 10. c3 Nc5 11. Bc2 Bb7 12. Rg1 Bg5 13. Bxg5 Qxg5 14. f4 Qh4+ 15. Rg3 Qxh2 16. Nf1 Qh1 17. Qe2 Ba6 18. Qf2 Bd3 19. Rg1 Qh6 20. Ng3 Qg6 21. 0-0-0 Bxc2 22. Qxc2 Qxc2+ 23. Kxc2 Rad8 24. g5 Ne4 25. Nxe4 dxe4 26. Rd4 Rxd4 27. exd4 Rd8 28. Re1 f5 29. exf6 gxf6 30. gxf6 Kf7 31. Rxe4 Kxf6 32. Kd3 h5 33. Re2 h4 34. Ke4 h3 35. Rh2 Rh8 36. Kf3 Kf5 37. b4 Rh4 38. Kg3 Rxf4 39. Rxh3 Rg4+ 40. Kf3 Rg7 41. Rh5+ Kf6 42. a4 Rg5 43. Rxg5 Kxg5 44. Ke4 Kf6 45. b5 Ke7 46. Ke5 Kd7 47. c4 Ke7 48. c5 bxc5 49. dxc5 Kd7 50. a5 Ke7 51. b6 cxb6 52. cxb6 axb6 53. a6 b5 54. a7 b4 1-0

[Event "San Sebastian de los Reyes U1600 1st"]
[Site "San Sebastian de los Reyes"]
[Date "2018.10.27"]
[Round "6"]
[White "Salgado Nogal, Marcos"]
[Black "Alfaya Martinez, Enrique"]
[Result "0-1"]
[WhiteElo "1569"]
[BlackElo "1575"]
[PlyCount "94"]
[EventDate "2018.10.06"]
[EventType "swiss"]
[EventRounds "6"]
[EventCountry "ESP"]
[SourceTitle "CBM 187 Extra"]
[Source "ChessBase"]
[SourceDate "2018.11.04"]
[SourceVersion "1"]
[SourceVersionDate "2018.11.04"]
[SourceQuality "1"]

1. e4 c5 2. Nf3 d6 3. d4 cxd4 4. Nxd4 Nf6 5. Nc3 g6 6. Be3 Bg7 7. f3 0-0 8. Bc4 Nc6 9. Qd2 Rb8 10. 0-0-0 Bd7 11. Bb3 Na5 12. Kb1 Nxb3 13. Nxb3 a6 14. g4 b5 15. Bh6 b4 16. Bxg7 Kxg7 17. Nd5 Nxd5 18. Qxd5 Be6 19. Qd4+ Kg8 20. h4 a5 21. h5 g5 22. Qe3 h6 23. Nd4 Bd7 24. Nf5 Bxf5 25. gxf5 Qc7 26. Rhg1 Rbc8 27. Rg2 Qc5 28. Qd2 f6 29. f4 Kg7 30. fxg5 hxg5 31. Rc1 Kh6 32. Rcg1 Rg8 33. Qe2 Qe5 34. Qd3 Rc5 35. Qb3 Rf8 36. Qe3 Rg8 37. Qb3 Rg7 38. Qd3 Qf4 39. Qe2 a4 40. Qa6 b3 41. c3 Qxe4+ 42. Ka1 Rxf5 43. Qc8 Qxg2 44. Qh8+ Rh7 45. Qf8+ Kxh5 46. Qe8+ Kh4 47. Qxa4+ g4 0-1

[Event "San Sebastian de los Reyes U1600 1st"]
[Site "San Sebastian de los Reyes"]
[Date "2018.10.20"]
[Round "3"]
[White "Alfaya Martinez, Enrique"]
[Black "Llamas Martinez, Pablo"]
[Result "1-0"]
[WhiteElo "1575"]
[BlackElo "1429"]
[PlyCount "55"]
[EventDate "2018.10.06"]
[EventType "swiss"]
[EventRounds "6"]
[EventCountry "ESP"]
[SourceTitle "CBM 187 Extra"]
[Source "ChessBase"]
[SourceDate "2018.11.04"]
[SourceVersion "1"]
[SourceVersionDate "2018.11.04"]
[SourceQuality "1"]

1. d4 Nf6 2. Bf4 g6 3. e3 Bg7 4. Nf3 0-0 5. Be2 d6 6. h3 b6 7. c4 Bb7 8. 0-0 c5 9. Nc3 Nc6 10. a3 cxd4 11. exd4 d5 12. c5 Rc8 13. b4 Re8 14. b5 Na5 15. c6 Nh5 16. Be5 f6 17. Bh2 e5 18. dxe5 fxe5 19. Nxd5 Ba8 20. Rc1 a6 21. a4 axb5 22. axb5 Nf6 23. Nxf6+ Qxf6 24. Qd5+ Qe6 25. Qxe6+ Rxe6 26. Rfd1 Nb3 27. Bc4 Nxc1 28. Bxe6+ 1-0

[Event "San Sebastian de los Reyes op U2200 1st"]
[Site "Madrid"]
[Date "2018.05.27"]
[Round "6"]
[White "Alfaya Martinez, Enrique"]
[Black "Salomone Merello, Stelvio"]
[Result "1-0"]
[WhiteElo "1582"]
[BlackElo "1392"]
[PlyCount "105"]
[EventDate "2018.04.22"]
[EventType "swiss"]
[EventRounds "6"]
[EventCountry "ESP"]
[SourceTitle "CBM 184 Extra"]
[Source "ChessBase"]
[SourceDate "2018.06.28"]
[SourceVersion "1"]
[SourceVersionDate "2018.06.28"]
[SourceQuality "1"]

1. d4 e6 2. Bf4 b6 3. e3 Ba6 4. Bxa6 Nxa6 5. Nf3 Be7 6. 0-0 Nf6 7. h3 0-0 8. a4 Ne4 9. Nbd2 Nxd2 10. Qxd2 d6 11. a5 c5 12. axb6 axb6 13. c3 Nc7 14. b4 Rxa1 15. Rxa1 c4 16. Qa2 b5 17. e4 Qa8 18. Nd2 Qxa2 19. Rxa2 Ra8 20. Rxa8+ Nxa8 21. Bh2 Nb6 22. Nb1 Na4 23. Bf4 d5 24. exd5 exd5 25. Bd2 h6 26. Na3 Bg5 27. f4 Bf6 28. Nxb5 Kf8 29. Kf2 Ke7 30. g4 Bh4+ 31. Kf3 g6 32. Na3 Ke6 33. Nc2 f5 34. g5 h5 35. Ne3 Nb2 36. Ng2 Bxg5 37. fxg5 Nd3 38. Nf4+ Nxf4 39. Kxf4 Kd6 40. Bc1 Ke6 41. Ba3 Kd6 42. Ke3 Kc6 43. Kf3 Kd6 44. Kf4 Ke6 45. b5 Kd7 46. Ke5 Kc7 47. b6+ Kxb6 48. Kxd5 Kc7 49. Kxc4 f4 50. Kd3 f3 51. Ke3 f2 52. Kxf2 Kc6 53. c4 1-0

[Event "San Sebastian de los Reyes op 19th"]
[Site "San Sebastian"]
[Date "2017.12.10"]
[Round "9"]
[White "Alfaya Martinez, Enrique"]
[Black "Fernandez Diaz, Ricardo"]
[Result "1/2-1/2"]
[WhiteElo "1613"]
[BlackElo "1493"]
[PlyCount "70"]
[EventDate "2017.12.02"]
[EventType "swiss"]
[EventRounds "9"]
[EventCountry "ESP"]
[SourceTitle "CBM 182 Extra"]
[Source "ChessBase"]
[SourceDate "2018.02.23"]
[SourceVersion "1"]
[SourceVersionDate "2018.02.23"]
[SourceQuality "1"]

1. d4 Nf6 2. Bf4 e6 3. e3 c5 4. c3 Nc6 5. Nd2 Be7 6. Bd3 0-0 7. Ngf3 b6 8. Ne4 d6 9. Nxf6+ Bxf6 10. Bc2 Ba6 11. h4 h6 12. Bg5 cxd4 13. exd4 Re8 14. Qd2 e5 15. Bxf6 exd4+ 16. Kd1 Qxf6 17. Nxd4 Nxd4 18. Qxd4 Qxd4+ 19. cxd4 Re2 20. f4 Rae8 21. Rg1 Bb7 22. g3 Bf3 23. Kc1 Re1+ 24. Kd2 R8e2+ 25. Kc3 Rxa1 26. Rxa1 Bd5 27. a3 Re3+ 28. Kb4 Rxg3 29. Re1 g6 30. Re8+ Kg7 31. Re7 Rg2 32. Kc3 a5 33. Rd7 Rg3+ 34. Kd2 Rg2+ 35. Kc3 Rg3+ 1/2-1/2

[Event "San Sebastian de los Reyes op 19th"]
[Site "San Sebastian"]
[Date "2017.12.09"]
[Round "8"]
[White "Chidichimo, Pedro Jose Maria"]
[Black "Alfaya Martinez, Enrique"]
[Result "1-0"]
[WhiteElo "1791"]
[BlackElo "1613"]
[PlyCount "83"]
[EventDate "2017.12.02"]
[EventType "swiss"]
[EventRounds "9"]
[EventCountry "ESP"]
[SourceTitle "CBM 182 Extra"]
[Source "ChessBase"]
[SourceDate "2018.02.23"]
[SourceVersion "1"]
[SourceVersionDate "2018.02.23"]
[SourceQuality "1"]

1. d4 Nf6 2. Bf4 e6 3. e3 c5 4. c3 Nc6 5. Nd2 Be7 6. Bd3 b6 7. h3 Bb7 8. Ngf3 Rc8 9. Nc4 d6 10. a4 cxd4 11. exd4 0-0 12. 0-0 h6 13. Qb3 Ba6 14. Rfd1 d5 15. Nce5 Bxd3 16. Nxc6 Rxc6 17. Rxd3 a6 18. Ne5 Rc8 19. f3 Nh5 20. Bh2 Bd6 21. Kh1 f6 22. Ng6 Re8 23. f4 Kh7 24. g4 Kxg6 25. gxh5+ Kxh5 26. Qd1+ Kg6 27. Qg4+ Kh7 28. Rg1 Rc7 29. Rdg3 Qd7 30. Qg6+ Kh8 31. Qh5 Qf7 32. Rg6 Rg8 33. Qe2 Ra7 34. f5 Bxh2 35. fxe6 Qe7 36. Kxh2 Qd6+ 37. Kh1 Re7 38. Qg4 Qxe6 39. Qg3 Qe4+ 40. Kh2 Qc2+ 41. Rg2 Re2 42. Rxh6+ 1-0

[Event "San Sebastian de los Reyes op 19th"]
[Site "San Sebastian"]
[Date "2017.12.03"]
[Round "2"]
[White "Mehalingam, Karunanithi"]
[Black "Alfaya Martinez, Enrique"]
[Result "0-1"]
[WhiteElo "1490"]
[BlackElo "1613"]
[PlyCount "96"]
[EventDate "2017.12.02"]
[EventType "swiss"]
[EventRounds "9"]
[EventCountry "ESP"]
[SourceTitle "CBM 182 Extra"]
[Source "ChessBase"]
[SourceDate "2018.02.23"]
[SourceVersion "1"]
[SourceVersionDate "2018.02.23"]
[SourceQuality "1"]

1. d4 Nf6 2. c4 g6 3. Nc3 Bg7 4. Nf3 0-0 5. g3 d6 6. e4 c6 7. Bg2 Nbd7 8. 0-0 a6 9. Be3 Ng4 10. Qe2 Nxe3 11. fxe3 b5 12. Rad1 bxc4 13. Qxc4 Rb8 14. b3 c5 15. Ne2 Qa5 16. Nc1 Bh6 17. Qe2 Qc3 18. Nd3 Bb7 19. Rc1 Qa5 20. Bh3 Bc6 21. dxc5 Nxc5 22. Nxc5 dxc5 23. Ne5 Bb5 24. Nc4 Qc7 25. a4 Bc6 26. Nd2 Qe5 27. Bg2 Qg5 28. Rc3 Bg7 29. Rcc1 h5 30. Nf3 Qg4 31. Rxc5 Bxe4 32. Rg5 Bxf3 33. Bxf3 Qxg5 34. Qd3 Rfd8 35. Qc4 Qxe3+ 36. Kh1 Qd3 37. Qxf7+ Kxf7 38. Be2+ Kg8 39. Bxd3 Rxd3 40. Re1 Rbxb3 41. Rxe7 Rb2 42. Re1 Rdd2 43. Re8+ Kh7 44. Re1 Rxh2+ 45. Kg1 Bd4+ 46. Kf1 Rbf2+ 47. Kg1 Rfg2+ 48. Kf1 Rg1# 0-1

[Event "San Sebastian de los Reyes op 18th"]
[Site "San Sebastian"]
[Date "2016.12.09"]
[Round "7"]
[White "Alfaya Martinez, Enrique"]
[Black "Garcia Lopez, Fernando"]
[Result "0-1"]
[WhiteElo "1584"]
[BlackElo "1608"]
[PlyCount "94"]
[EventDate "2016.12.03"]
[EventType "swiss"]
[EventRounds "9"]
[EventCountry "ESP"]
[SourceTitle "CBM 176 Extra"]
[Source "ChessBase"]
[SourceDate "2017.03.02"]
[SourceVersion "1"]
[SourceVersionDate "2017.03.02"]
[SourceQuality "1"]

1. d4 Nf6 2. Nf3 e6 3. Bf4 d5 4. e3 Nh5 5. Bg3 Nxg3 6. hxg3 Nc6 7. Bd3 h6 8. c3 Bd7 9. Nbd2 Qe7 10. Qe2 0-0-0 11. a3 g5 12. c4 Bg7 13. c5 e5 14. dxe5 Nxe5 15. Nxe5 Qxe5 16. Nf3 Qxb2 17. Qxb2 Bxb2 18. Ra2 Bg7 19. 0-0 c6 20. a4 f5 21. Nd4 Bxd4 22. exd4 Rhf8 23. Be2 f4 24. g4 Rde8 25. Rb1 Kc7 26. a5 a6 27. Rab2 Rb8 28. f3 Be6 29. Bd3 Bf7 30. Re1 Rfe8 31. Rbe2 Rxe2 32. Rxe2 Re8 33. Rb2 h5 34. gxh5 Bxh5 35. Kf2 Re3 36. Rd2 g4 37. g3 Rxf3+ 38. Kg2 Rxg3+ 39. Kf2 Rh3 40. Bf5 Rh2+ 41. Ke1 Rxd2 42. Kxd2 g3 43. Bh3 Kd8 44. Ke1 f3 45. Kf1 Bg6 46. Ke1 Bd3 47. Kd2 g2 0-1

[Event "San Sebastian de los Reyes op 18th"]
[Site "San Sebastian"]
[Date "2016.12.08"]
[Round "6"]
[White "Karunanithi, Bharath"]
[Black "Alfaya Martinez, Enrique"]
[Result "0-1"]
[WhiteElo "1345"]
[BlackElo "1584"]
[PlyCount "70"]
[EventDate "2016.12.03"]
[EventType "swiss"]
[EventRounds "9"]
[EventCountry "ESP"]
[SourceTitle "CBM 176 Extra"]
[Source "ChessBase"]
[SourceDate "2017.03.02"]
[SourceVersion "1"]
[SourceVersionDate "2017.03.02"]
[SourceQuality "1"]

1. d4 Nf6 2. c4 g6 3. Nf3 Bg7 4. Nc3 0-0 5. Bf4 d6 6. e3 b6 7. h3 Bb7 8. Be2 c5 9. 0-0 Nc6 10. d5 Nb8 11. Qd2 Nbd7 12. e4 Re8 13. e5 dxe5 14. Nxe5 Nxe5 15. Bxe5 Ne4 16. Nxe4 Bxe5 17. f4 Bg7 18. Rad1 e6 19. Bf3 exd5 20. cxd5 Bd4+ 21. Kh1 Bxd5 22. Nf6+ Qxf6 23. Bxd5 Rad8 24. Bb3 Bxb2 25. Qc2 Rxd1 26. Qxd1 Bd4 27. Qc2 Kg7 28. f5 Re5 29. g4 Re3 30. Qg2 Qh4 31. Rf3 Re1+ 32. Rf1 Re3 33. Rf3 Rxf3 34. Qxf3 Qe1+ 35. Kg2 Qg1# 0-1

[Event "San Sebastian de los Reyes op 17th"]
[Site "San Sebastian"]
[Date "2015.12.08"]
[Round "9"]
[White "Camarero Izquierdo, Juan Carlos"]
[Black "Alfaya Martinez, Enrique"]
[Result "1-0"]
[WhiteElo "1825"]
[BlackElo "1586"]
[PlyCount "103"]
[EventDate "2015.11.30"]
[EventType "swiss"]
[EventRounds "9"]
[EventCountry "ESP"]
[SourceTitle "CBM 170 Extra"]
[Source "ChessBase"]
[SourceDate "2016.02.25"]
[SourceVersion "1"]
[SourceVersionDate "2016.02.25"]
[SourceQuality "1"]

1. d4 Nf6 2. Nc3 d5 3. Bg5 Nbd7 4. Qd3 c6 5. f3 g6 6. e4 dxe4 7. fxe4 Bg7 8. 0-0-0 0-0 9. h4 h5 10. Be2 a5 11. e5 Nd5 12. Nxd5 cxd5 13. g4 hxg4 14. h5 Nxe5 15. dxe5 Bf5 16. Qg3 Qc7 17. Qc3 Qxe5 18. Qxe5 Bxe5 19. hxg6 f6 20. Bh6 Rfc8 21. Bd3 Bxd3 22. Rxd3 e6 23. Ne2 Rc4 24. b3 Rc5 25. Rhd1 f5 26. c4 a4 27. Be3 Rc7 28. Bf4 Bxf4+ 29. Nxf4 axb3 30. axb3 Ra1+ 31. Kb2 Rxd1 32. Rxd1 Re7 33. Nh5 Rg7 34. Nxg7 Kxg7 35. cxd5 exd5 36. Rxd5 Kxg6 37. Kc3 g3 38. Rd1 Kg5 39. Kd3 f4 40. Ke4 Kg4 41. Rf1 g2 42. Rxf4+ Kg3 43. Rf7 g1Q 44. Rg7+ Kf2 45. Rxg1 Kxg1 46. Kd4 Kf2 47. b4 Kf3 48. b5 Kf4 49. Kc5 Ke5 50. Kb6 Kd6 51. Kxb7 Kd7 52. b6 1-0